000 00603cam a22002411 4500
001 sa 67005858
003 DLC
005 20260227112401.0
008 940609s1965 pk 000 0 urdo
010 _asa 67005858
025 _aPL480:P-U-1397
035 _a(OCoLC)30578876
040 _aDLC
_cCU
_dCU
_dDLC
042 _apremarc
050 0 0 _aDS461.1
_b.A219
100 0 _aBabur,
_cEmperor of Hindustan,
_d1483-1530.
245 1 0 _aTuzuk-i Bābarī.
260 _c[1965]
300 _a289 p.
_c23 cm.
500 _aIn Urdu.
651 0 _aMogul Empire.
700 1 _aNadvī, Rashīd Ak̲h̲tar.
999 _c75502
_d75502